000 00999cam a22002894a 4500
001 13313407
003 OSt
005 20140310181656.0
008 030814s2004 nyu b 001 0 eng
010 _a 2003018200
020 _a0393051579
040 _aDLC
_cDLC
_dDLC
042 _apcc
050 0 0 _aBJ 1521
_b.P558 2004
082 0 0 _aIB 179.9
_bP54 2004
100 1 _aPhillips, Christopher,
_d1959 July 15-
245 1 0 _aSix questions of Socrates :
_ba modern-day journey of discovery through world philosophy /
_cChristopher Phillips.
250 _a1st ed.
260 _aNew York :
_bW. W. Norton,
_cc2004.
300 _a320 p. :
_c21 cm.
650 0 _aVirtues.
856 4 1 _3Table of contents
_uhttp://www.loc.gov/catdir/toc/ecip047/2003018200.html
906 _a7
_bcbc
_corignew
_d1
_eecip
_f20
_gy-gencatlg
942 _2lcc
_cBK
999 _c1098
_d1098